| 000 | 00929cab a22002295a 4500 | ||
|---|---|---|---|
| 001 | L157338 | ||
| 008 | 121025e20120120xxk 000 0 eng d | ||
| 035 | _a(Sirsi) u157338 | ||
| 041 | 0 | _aeng | |
| 100 | 1 | _aWithers, Iain | |
| 245 | 0 | 0 |
_aCivils job boosts Lend Lease _bbusiness barometer |
| 260 | _c2012 | ||
| 490 |
_aBuilding _v277 (8749) 19 October 2012, 18-19(2) |
||
| 520 | _aOverview; tables of top contractors including and excluding civils for September 2012; yearly work won including and excluding civils October 2011-September 2012; top architects and top quantity surveyors September 2011-August 2012 using information from Barbour ABI. Also comments on the commercial offices sector and the CPA/Barbour ABI Index. | ||
| 590 | _aKA | ||
| 651 | 4 |
_aUnited Kingdom _y |
|
| 690 |
_aContracts _96232 |
||
| 690 |
_aConstruction management _96230 |
||
| 700 | 1 | _aGreen, Brian | |
| 700 | 1 | _aFrancis, Noble | |
| 942 | _n0 | ||
| 999 |
_c84334 _d84334 |
||